[Event "Match"]
[Site "www.echecsemail.com"]
[Date "2017.10.23"]
[Round "1"]
[White "Blackygrey"]
[Black "Micheles"]
[WhiteElo "2369"]
[BlackElo "2530"]
[Result "0-1"]
[Round "1"]
1.e4 c6
2.d4 d5
3.Nb1c3 dxe4
4.Nc3xe4 Bc8f5
5.Ne4g3 Bf5g6
6.h4 h6
7.h5 Bg6h7
8.Bf1d3 Bh7xd3
9.Qd1xd3 Ng8f6
10.Bc1d2 e6
11.O-O-O Nb8d7
12.Ng1e2 Bf8e7
13.f4 Qd8b6
14.Ng3e4 Nf6xe4
15.Qd3xe4 Nd7f6
16.Qe4f3 Qb6a6
17.Kb1 Qa6b5
 { time }
0-1

[Event "Match"]
[Site "www.echecsemail.com"]
[Date "2017.10.23"]
[Round "1"]
[White "Cjood"]
[Black "Uji40"]
[WhiteElo "1940"]
[BlackElo "2060"]
[Result "0-1"]
[Round "1"]
1.e4 e5
2.Ng1f3 Nb8c6
3.Bf1b5 a6
4.Bb5a4 Ng8f6
5.d3 d6
6.c3 Bc8g4
7.h3 Bg4h5
8.g4 Bh5g6
9.Bc1g5 Bf8e7
10.Qd1b3 b5
11.Ba4xb5 axb5
12.Qb3xb5 Qd8d7
13.Nb1d2 Ra8b8
14.Qb5a6 h6
15.Bg5e3 O-O
16.Nf3h4 Rb8xb2
17.Nh4xg6 fxg6
18.Nd2c4 Rb2b8
19.Ke2 d5
20.exd5 Nf6xd5
21.Be3d2 g5
22.Qa6a4 Rb8a8
 { time }
0-1

[Event "Match"]
[Site "www.echecsemail.com"]
[Date "2017.10.23"]
[Round "1"]
[White "Begory"]
[Black "Cal"]
[WhiteElo "999"]
[BlackElo "1640"]
[Result "1-0"]
[Round "1"]
1.d4 d5
2.Bc1f4 h6
3.Nb1c3 e6
4.Ng1f3 Ng8f6
5.e3 a6
6.Bf1d3 Bf8b4
7.Qd1d2 Nb8c6
8.a3 Bb4xc3
9.Qd2xc3 b5
10.O-O Bc8b7
11.Rf1e1 O-O
12.e4 Nc6e7
13.e5 Nf6h5
14.Bf4e3 c6
15.Be3d2 f6
16.exf6 Rf8xf6
17.Bd3e2 a5
18.Nf3e5 Qd8e8
19.Be2xh5 Qe8xh5
20.Qc3g3 Ne7f5
21.Qg3g6 Qh5xg6
22.Ne5xg6 Kh7
23.Ng6f4 Nf5xd4
24.Ra1c1 e5
25.Re1xe5 c5
26.Nf4xd5 Bb7xd5
27.Re5xd5 Nd4e2
28.Kf1 Ne2xc1
29.Bd2xc1 b4
30.Rd5xc5 bxa3
31.bxa3 a4
32.Rc5c7 Ra8a5
33.Bc1b2 Rf6g6
34.Rc7b7 Ra5c5
35.c3 Rg6d6
36.c4 Rc5xc4
37.Rb7xg7 Kh8
38.Rg7d7 Kg8
39.Rd7g7 Kf8
40.g3 Rd6d1
41.Kg2 Rd1d2
42.Bb2e5 Rc4e4
43.Be5c3 Rd2e2
44.Rg7a7 h5
45.Ra7a8 Ke7
46.Bc3b4 Kd7
47.Ra8xa4 Re4g4
48.Ra4a5 h4
49.Kf3 Rg4e4
50.Ra5a7 Kc6
51.g4 Re4e8
52.Ra7h7 Re2b2
53.Rh7xh4 Re8f8
54.Ke3 Rf8xf2
55.g5 Rf2g2
56.Rh4h6 Kb5
57.h4 Rb2b3
58.Kf4 Rg2f2
59.Kg4 Rb3d3
60.g6 Rf2f3
61.g7 Rf3g3
62.Kf4 Rg3xg7
63.Rh6h8 Rd3d4
64.Ke3 Rd4xb4
65.axb4 Kxb4
66.h5 Rg7g1
67.h6 Rg1h1
68.h7 Rh1h3
69.Kf4 Rh3h6
70.Rh8b8 Kc5
71.h8Q Rh6xh8
72.Rb8xh8 Kd5
73.Rh8e8 Kd6
74.Re8e5 Kd7
75.Ke4 { resign }
1-0

[Event "1/128 Finale"]
[Site "www.chess-mail.com"]
[Date "2017.10.23"]
[Round "1"]
[White "Theo64"]
[Black "Cjood"]
[WhiteElo "1719"]
[BlackElo "1980"]
[Result "1-0"]
[Round "1"]
1.e4 e5
2.Ng1f3 Nb8c6
3.Bf1c4 Bf8c5
4.c3 Ng8f6
5.b4 Bc5b6
6.d3 d5
7.exd5 Nf6xd5
8.Qd1b3 Bc8e6
9.O-O O-O
10.Nf3g5 Nc6e7
11.a4 h6
12.Ng5xe6 fxe6
13.a5 Bb6xf2
14.Rf1xf2 Rf8xf2
15.Kxf2 Qd8f8
16.Kg1 c6
17.Bc4xd5 exd5
18.Bc1e3 Qf8f5
19.Nb1d2 Qf5xd3
20.Be3c5 Ne7g6
21.Nd2f3 Ng6f4
22.Ra1d1 Qd3e2
23.Rd1d2 Qe2e4
24.Qb3c2 Nf4xg2
25.Qc2xe4 dxe4
26.Kxg2 exf3
27.Kxf3 g5
28.Rd2d7  { time }
1-0

[Event "Fast Game"]
[Site "www.echecsemail.com"]
[Date "2017.10.23"]
[Round "1"]
[White "Mozgegorov"]
[Black "Apdash"]
[WhiteElo "1599"]
[BlackElo "1589"]
[Result "0-1"]
[Round "1"]
1.e4 c5
2.Ng1f3 e6
3.Nb1c3 d5
4.exd5 exd5
5.d4 Ng8f6
6.dxc5 Bf8xc5
7.Nf3d4 O-O
8.Bf1e2 Qd8b6
9.Bc1e3 Nb8c6
10.Nd4xc6 bxc6
11.Be3xc5 Qb6xc5
12.O-O Bc8f5
13.Be2d3 Bf5g4
14.Qd1d2 Ra8b8
15.Nc3a4 Qc5d6
16.c3 Rb8d8
17.h3 Bg4c8
18.b4 Qd6c7
19.Na4c5 Nf6d7
20.Nc5b3 c5
21.bxc5 Nd7xc5
22.Nb3d4 Nc5e6
23.Nd4b5 Qc7a5
24.Rf1d1 Bc8d7
25.Nb5d4 Rd8c8
26.Nd4e2 Bd7a4
27.Rd1c1 Ne6c5
28.Bd3f5 Ba4d7
29.Qd2xd5 { time. }
0-1

[Event "Fast Game"]
[Site "www.echecsemail.com"]
[Date "2017.10.23"]
[Round "1"]
[White "Gvladutz"]
[Black "Apdash"]
[WhiteElo "1849"]
[BlackElo "1879"]
[Result "1-0"]
[Round "1"]
1.c4 Ng8f6
2.Nb1c3 d5
3.cxd5 Nf6xd5
4.g3 c6
5.Ng1f3 Bc8g4
6.Bf1g2 e6
7.d4 Bf8d6
8.e4 Nd5b6
9.h3 Bg4h5
10.a4 a5
11.Qd1b3 Qd8c7
12.Bc1e3 Nb8d7
13.Ra1c1 Bd6xg3
14.e5 Bh5xf3
15.Bg2xf3 Bg3h4
16.Rh1g1 g6
17.Nc3b5 Qc7b8
18.Nb5d6 Kf8
19.Be3h6 Kg8
20.Bf3e4 Bh4e7
21.Be4xg6 hxg6
22.Rg1xg6 Kh7
23.Nd6xf7 Kxg6
24.Qb3xe6 Be7f6
25.Rc1c3 Rh8xh6
26.Rc3g3 Kh7
27.Qe6f5 Rh6g6
28.Qf5xg6 { resign }
1-0

[Event "Tourn. n9519"]
[Site "www.chess-mail.com"]
[Date "2017.10.24"]
[Round "1"]
[White "Bronstein70"]
[Black "Coolant"]
[WhiteElo "2420"]
[BlackElo "2320"]
[Result "0-1"]
[Round "1"]
1.e4 Nb8c6
2.d4 d5
3.exd5 Qd8xd5
4.Nb1c3 Qd5xd4
5.Qd1xd4 Nc6xd4
6.Bf1d3 e5
7.Ng1e2 Bf8b4
8.Bc1d2 Nd4xe2
9.Kxe2 Ng8e7
10.Nc3b5 Bb4d6
11.Bd2b4 Bd6xb4
12.Nb5xc7 Kd8
13.Nc7xa8 Bc8e6
14.Rh1d1 Kc8
15.c3 Bb4d6
16.Bd3b5 Rh8d8
17.Rd1d2 Ne7c6
18.Bb5xc6 bxc6
19.Ra1d1 Bd6e7
20.Rd2xd8 Be7xd8
21.Ke3 Bd8e7
22.Ke4 f6
23.f4 Be6d5
24.Rd1xd5 cxd5
25.Kxd5 exf4
{ resign }
0-1

[Event "Tourn. n9512"]
[Site "www.chess-mail.com"]
[Date "2017.10.24"]
[Round "1"]
[White "Cjood"]
[Black "Xkafi"]
[WhiteElo "2000"]
[BlackElo "2030"]
[Result "0-1"]
[Round "1"]
1.e3 e5
2.Bf1c4 Bf8c5
3.d4 exd4
4.exd4 Bc5b6
5.Ng1f3 Qd8e7
6.Bc1e3 Qe7b4
7.Nb1d2 Ng8f6
8.O-O O-O
9.b3 d5
10.Bc4d3 Bc8g4
11.a3 Qb4d6
12.h3 Bg4h5
13.g4 Bh5g6
14.Bd3xg6 fxg6
15.c4 c5
16.dxc5 Bb6xc5
17.Be3xc5 Qd6xc5
18.Nf3e5 d4
19.Ne5d3 Qc5g5
20.Nd2f3 Qg5h6
21.g5 Qh6xh3
22.gxf6 Rf8xf6
23.Nd3e5 Nb8c6
24.Nf3xd4 Nc6xe5
25.Ra1a2 Ra8f8
26.f3 Rf6xf3
27.Nd4xf3 Ne5xf3
28.Rf1xf3 Qh3xf3
29.Qd1d7 Qf3xb3
30.Qd7e6 Kh8
 { time }
0-1

[Event "Tourn. n9575"]
[Site "www.chess-mail.com"]
[Date "2017.10.24"]
[Round "1"]
[White "Fantomas"]
[Black "Luban"]
[WhiteElo "2190"]
[BlackElo "2130"]
[Result "0-1"]
[Round "1"]
1.c4 e6
2.d4 d5
3.e3 c5
4.Ng1f3 Ng8f6
5.Bf1e2 Nb8c6
6.Nb1c3 a6
7.O-O dxc4
8.Qd1a4 Bc8d7
9.Qa4xc4 cxd4
10.Nf3xd4 Bf8e7
11.Nd4b3 Ra8c8
12.Qc4d3 Nc6b4
13.Qd3d1 O-O
14.Be2f3 Bd7c6
15.Nb3d4 Bc6xf3
16.Qd1xf3 b5
17.Rf1d1 Qd8b6
18.a3 Nb4d5
19.Bc1d2 Nd5xc3
20.Bd2xc3 Nf6d5
21.Bc3e1 Be7f6
22.Ra1c1 Rc8xc1
23.Rd1xc1 Bf6xd4
24.exd4 Qb6xd4
25.Qf3e2 Qd4b6
26.b4 h6
27.Rc1c5 Qb6b7
28.Qe2e4 Rf8c8
29.Be1d2 Rc8xc5
30.bxc5 Qb7e7
31.Qe4c2 Qe7c7
32.g3 Qc7c6
33.h4 Nd5b6
34.Bd2b4 Nb6c4
35.Qc2c3 a5
36.Bb4xa5 Nc4xa5
37.Qc3xa5 Qc6xc5
38.Qa5b4 Qc5xb4
39.axb4 Kf8
40.Kf1 Ke7
41.Ke2 Kd6
42.g4 Kd5
43.Kd3 f5
44.gxf5 exf5
45.h5 f4
46.f3 Ke5
47.Kc3 Kf6
48.Kd4 g5
{ resign }
0-1

[Event "Tourn. n9558"]
[Site "www.chess-mail.com"]
[Date "2017.10.24"]
[Round "1"]
[White "Theo64"]
[Black "Cal"]
[WhiteElo "1800"]
[BlackElo "1720"]
[Result "1/2-1/2"]
[Round "1"]
1.e4 e5
2.Ng1f3 d6
3.Bf1c4 h6
4.d4 exd4
5.Nf3xd4 Ng8f6
6.O-O Bc8g4
7.Bc4e2 a6
8.Bc1f4 Bf8e7
9.Be2xg4 c5
10.Nd4b3 Nb8c6
11.Nb1d2 { draw }
1/2-1/2

[Event "Tourn. n9546"]
[Site "www.chess-mail.com"]
[Date "2017.10.24"]
[Round "1"]
[White "Falcoale"]
[Black "Libiesse"]
[WhiteElo "1990"]
[BlackElo "1810"]
[Result "1/2-1/2"]
[Round "1"]
1.e4 c5
2.b3 e6
3.Bc1b2 d5
4.exd5 exd5
5.Ng1f3 Nb8c6
6.c3 f6
7.Bf1d3 Bf8d6
8.O-O Ng8e7
9.Qd1c2 f5
10.Rf1e1 O-O
11.Bd3f1 Qd8c7
12.h3 Bc8d7
13.d3 Ra8e8
14.Nb1d2 Ne7g6
{ draw }
1/2-1/2

[Event "Tourn. n9545"]
[Site "www.chess-mail.com"]
[Date "2017.10.24"]
[Round "1"]
[White "Bojan"]
[Black "Tonino1"]
[WhiteElo "2060"]
[BlackElo "2170"]
[Result "1-0"]
[Round "1"]
1.e4 d6
2.d4 Ng8f6
3.Qd1d3 g6
4.f4 Bf8g7
5.c3 O-O
6.Bf1e2 c6
7.h3 Qd8c7
8.g4 e5
9.g5 Nf6e8
10.f5 f6
11.h4 fxg5
12.hxg5 gxf5
13.Qd3h3 Bg7h8
14.g6 Nb8a6
15.gxh7 Kf7
16.Qh3h5 Ke7
17.Qh5g6 Bc8e6
18.Bc1g5 Kd7
19.Nb1d2 f4
20.Nd2f3 Ne8g7
21.Bg5f6 Be6f7
22.Qg6h6 Ng7e6
23.dxe5 dxe5
24.Nf3xe5 Kc8
25.Be2g4 Rf8e8
26.Ng1f3 Na6c5
27.Nf3g5 Bh8xf6
28.Qh6xf6 Qc7xe5
29.Qf6xe5 Nc5d3
30.Ke2 Nd3xe5
31.Bg4xe6 Bf7xe6
32.h8Q Be6g4
33.Kf1 Kc7
34.Qh8f6 Ra8d8
35.Rh1h2 Kc8
36.Rh2f2 Ne5d3
37.Rf2d2 f3
38.Ra1d1 f2
39.Rd2xd3 Bg4xd1
40.Rd3xd8 Re8xd8
41.Kxf2 Bd1g4
42.Kg3 Bg4h5
43.Ng5e6 Rd8g8
44.Ne6g7  { time }
1-0

[Event "Tourn. n9461"]
[Site "www.chess-mail.com"]
[Date "2017.10.24"]
[Round "1"]
[White "Ditto"]
[Black "Cjood"]
[WhiteElo "1860"]
[BlackElo "1910"]
[Result "1-0"]
[Round "1"]
1.e4 e5
2.Ng1f3 Nb8c6
3.Bf1c4 Ng8f6
4.Nb1c3 d6
5.d4 exd4
6.Nf3xd4 Nc6xd4
7.Qd1xd4 c5
8.Qd4d1 Bf8e7
9.Bc1f4 O-O
10.Qd1f3 Qd8b6
11.Ra1b1 Qb6b4
12.Bc4b3 Bc8g4
13.Qf3d3 Ra8d8
14.Bf4d2 Qb4b6
15.O-O Rd8c8
16.Rf1e1 c4
17.Bb3xc4 Nf6d7
18.Qd3g3 h5
19.Bc4d3 Nd7e5
20.Nc3d5 Qb6d8
21.Bd2c3 Be7f6
22.Qg3e3 b6
23.Nd5f4 Bf6g5
24.Qe3g3 Qd8f6
25.Nf4d5 Qf6e6
26.Bd3a6 Rc8d8
27.Nd5c7 Qe6xa2
28.Rb1a1 Qa2xa1
29.Re1xa1 h4
30.Qg3xe5 dxe5
31.Nc7d5 Bg4e6
32.Nd5b4 Bg5d2
33.Bc3xd2 Rd8xd2
34.Ba6d3 a5
35.Nb4c6 Kh8
36.Kf1 Be6c4
37.Bd3xc4 Rd2xc2
38.b3 f6
39.Nc6e7 Rf8d8
40.Ne7g6 Kh7
41.Ng6xh4 Rd8d2
42.f3 Rd2f2
43.Ke1 g5
44.Nh4f5 Rf2xg2
45.Kf1 Rg2xh2
46.Kg1 Rh2h3
47.Ra1d1 Kg6
48.Bc4f1 Rh3xf3
49.Nf5e7 Kh5
50.Ne7f5  { time }
1-0

[Event "Tourn. n9569"]
[Site "www.chess-mail.com"]
[Date "2017.10.24"]
[Round "1"]
[White "Tartan"]
[Black "Coolant"]
[WhiteElo "2510"]
[BlackElo "2280"]
[Result "1-0"]
[Round "1"]
1.e4 Nb8c6
2.d4 d5
3.Nb1c3 dxe4
4.d5 Nc6e5
5.Qd1d4 Ne5g6
6.Bf1b5 Bc8d7
7.Ng1e2 Bd7xb5
8.Nc3xb5 a6
9.Nb5c3 f5
10.O-O e5
11.dxe6 Qd8xd4
12.Ne2xd4 Ng8e7
13.Bc1e3 O-O-O
14.Ra1d1 Ng6e5
15.Be3g5 c5
16.Nd4e2 h6
17.Rd1xd8 Kxd8
18.Rf1d1 Ke8
19.Bg5f4 Ne7g6
20.Bf4xe5 Ng6xe5
21.Rd1d5 Ne5c4
22.Rd5d7 Nc4d6
23.Nc3d5 { resign }
1-0

[Event "Tourn. n9482"]
[Site "www.chess-mail.com"]
[Date "2017.10.24"]
[Round "1"]
[White "Blackygrey"]
[Black "Tartan"]
[WhiteElo "2369"]
[BlackElo "2450"]
[Result "0-1"]
[Round "1"]
1.e4 e6
2.d4 d5
3.Nb1d2 Ng8f6
4.Bf1d3 c5
5.c3 Nb8c6
6.e5 Nf6d7
7.Ng1e2 Qd8b6
8.Nd2f3 cxd4
9.cxd4 f6
10.exf6 Nd7xf6
11.O-O Bf8d6
12.a3 O-O
13.b4 e5
14.dxe5 Nc6xe5
15.Nf3xe5 Bd6xe5
16.Bc1e3 Qb6c7
17.h3 Be5xa1
18.Qd1xa1 Bc8d7
 { time }
0-1

[Event "Tourn. n9576"]
[Site "www.chess-mail.com"]
[Date "2017.10.24"]
[Round "1"]
[White "Luban"]
[Black "Fantomas"]
[WhiteElo "2120"]
[BlackElo "2150"]
[Result "0-1"]
[Round "1"]
1.d4 Ng8f6
2.c4 g6
3.e3 Bf8g7
4.Ng1f3 O-O
5.Nb1c3 a6
6.Bf1d3 d5
7.a3 Bc8e6
8.cxd5 Nf6xd5
9.e4 Nd5b6
10.Bc1e3 Be6g4
11.Bd3e2 c6
12.O-O Bg4xf3
13.Be2xf3 Nb6c4
14.Ra1b1 Nc4xe3
15.fxe3 e6
16.Qd1c2 Bg7h6
17.Rf1e1 Nb8d7
18.d5 Nd7e5
19.Qc2e2 Ne5xf3
20.Qe2xf3 e5
21.Rb1d1 Qd8b6
22.b4 Ra8d8
23.Kh1 Qb6c7
24.Nc3a4 Rd8d6
25.Na4b2 b5
26.Nb2d3 Bh6g7
27.Nd3c5 Qc7c8
28.Re1e2 Rf8e8
29.Re2c2 Qc8a8
30.Rd1c1 cxd5
31.exd5 Rd6xd5
32.Nc5xa6 e4
33.Qf3h3 Qa8xa6
34.Rc2c8 Rd5d8
{ resign }
0-1

[Event "Match"]
[Site "www.echecsemail.com"]
[Date "2017.10.24"]
[Round "1"]
[White "Jopesilo"]
[Black "Begory"]
[WhiteElo "1499"]
[BlackElo "1570"]
[Result "1-0"]
[Round "1"]
1.e4 d5
2.exd5 Qd8xd5
3.Nb1c3 Qd5d8
4.d4 Ng8f6
5.Ng1f3 Bc8f5
6.Bf1d3 Bf5g4
7.Bc1e3 Nb8c6
8.Bd3b5 Qd8d7
9.d5 Bg4xf3
10.Qd1xf3 Nf6xd5
11.Qf3xd5 Qd7xd5
12.Nc3xd5 O-O-O
13.Bb5xc6 bxc6
14.Nd5b4 Kb7
15.Ke2 e6
16.Nb4d3 f5
17.Rh1d1 Bf8d6
18.f4 Rd8d7
19.Nd3c5 { resign }
1-0

[Event "Match"]
[Site "www.echecsemail.com"]
[Date "2017.10.24"]
[Round "1"]
[White "Joaodelisboa"]
[Black "Cristiano"]
[WhiteElo "1599"]
[BlackElo "1710"]
[Result "1/2-1/2"]
[Round "1"]
1.e4 e5
2.Ng1f3 Nb8c6
3.d4 exd4
4.Nf3xd4 d6
5.Bf1b5 Bc8d7
6.Bc1e3 Ng8f6
7.Nb1c3 Bf8e7
8.O-O O-O
9.Nd4xc6 bxc6
10.Bb5c4 Bd7e6
11.Bc4b3 a5
12.Qd1e2 Be6xb3
13.axb3 Qd8c8
14.Be3g5 Qc8e6
15.Rf1e1 Rf8e8
16.Ra1a4 h6
17.Bg5h4 Be7d8
18.Qe2f3 g5
19.Bh4g3 Nf6d5
20.Nc3e2 Nd5b6
21.Ra4a1 Qe6xe4
22.Qf3xe4 Re8xe4
23.Ne2c3 Re4xe1
24.Ra1xe1 Bd8f6
25.Re1a1 Kf8
26.Ra1a2 Bf6xc3
27.bxc3 Nb6d5
28.c4 Nd5b4
29.Ra2a4 Nb4xc2
30.f4 Nc2d4
31.fxg5 hxg5
32.b4 Ra8b8
33.bxa5 Nd4e2
34.Kf2 Ne2c3
35.Ra4a3 Nc3e4
36.Ke3 f5
37.a6 Rb8a8
38.Bg3e1 Ne4c5
39.a7 Kf7
40.Kf3 Kg6
41.Be1f2 Nc5e4
42.Bf2e3 c5
43.h3 Ne4f6
44.Ra3a6 Nf6d7
45.Be3f2 Nd7e5
46.Ke2 Ne5d7
47.Kf3 Nd7b6
48.Kg3 Kh5
49.Kf3 Nb6c8
50.g4 fxg4
51.hxg4 Kg6
52.Bf2xc5 Kf6
53.Ke4 Ke6
54.Bc5e3 Kf6
55.c5 Ke6
56.Be3xg5 Ra8xa7
57.Ra6xa7 d5
58.Kd4 Nc8xa7
59.Bg5f4 Na7b5
60.Kd3 c6
61.Bf4g3 Nb5a3
62.Bg3f4 Na3c4
63.Kd4 Nc4b2
64.Bf4g3 Nb2c4
65.Bg3c7 Nc4b2
66.Bc7g3 Nb2c4
67.Bg3c7 Nc4d2
68.Ke3 Nd2b3
69.Bc7d6 Kf6
70.Kf4 Kg6
71.Bd6e7 d4
72.Ke4 Kf7
73.Be7d6 Kf6
74.Bd6e5 Kg5
75.Be5xd4 Kxg4
76.Bd4e3 Nb3xc5
77.Be3xc5 Kh3
78.Ke5 Kg4
79.Kd6 Kf3
80.Kxc6 Kg2
81.Kd5 { draw }
1/2-1/2

[Event "Match"]
[Site "www.echecsemail.com"]
[Date "2017.10.24"]
[Round "1"]
[White "Gimmyg"]
[Black "Apdash"]
[WhiteElo "2480"]
[BlackElo "1920"]
[Result "1-0"]
[Round "1"]
1.Ng1f3 Ng8f6
2.b3 d6
3.Nb1c3 g6
4.e3 Bf8g7
5.h3 c5
6.Bf1b5 Bc8d7
7.Bb5xd7 Nb8xd7
8.O-O O-O
9.Bc1b2 Ra8c8
10.d3 a6
11.Nc3e2 b5
12.c4 d5
13.Qd1c2 Rf8e8
14.e4 dxe4
15.dxe4 e5
16.Ra1d1 b4
17.Nf3xe5 Qd8e7
18.Ne5xd7 Nf6xd7
19.Bb2xg7 Kxg7
20.f3 Nd7f8
21.Qc2b2 Kg8
22.Ne2f4 Qe7e5
23.Qb2xe5 Re8xe5
24.Rd1d6 Rc8a8
25.Nf4d3 Re5e7
26.Nd3xc5 a5
27.Rf1d1 Re7c7
28.Rd1d5 h6
29.Nc5a6 Rc7a7
30.Rd5xa5 Nf8e6
31.Ra5a4 Kf8
32.e5 Ke7
33.h4 g5
34.hxg5 hxg5
35.c5 f6
36.exf6 Kxf6
37.Na6c7 Ra7xc7
38.Ra4xa8 Rc7xc5
39.Ra8a6 Rc5e5
40.Rd6b6 Kf5
41.g4 Kf6
42.Rb6xb4 Re5e3
43.Kf2 Re3e5
44.Rb4e4 { resign }
1-0

[Event "Match"]
[Site "www.echecsemail.com"]
[Date "2017.10.24"]
[Round "1"]
[White "Cal"]
[Black "Cjood"]
[WhiteElo "1700"]
[BlackElo "1850"]
[Result "1-0"]
[Round "1"]
1.c4 g6
2.e4 Bf8g7
3.d3 c5
4.Ng1f3 Qd8b6
5.h3 Bg7xb2
6.Bc1xb2 Qb6xb2
7.Nb1d2 Nb8c6
8.Nd2b3 d6
9.Bf1e2 a6
10.a3 Qb2f6
11.Qd1d2 a5
12.O-O b6
13.Ra1b1 Bc8d7
14.Rf1e1 e6
15.Nf3h2 Ng8e7
16.f4 a4
17.Nb3a1 Nc6d4
18.Rb1xb6 Nd4xe2
19.Qd2xe2 Qf6xf4
20.Nh2f3 O-O
21.Re1f1 e5
22.Rb6xd6 Bd7e6
23.Nf3h2 Qf4g3
24.Rf1f3 Qg3h4
25.Rd6b6  { time }
1-0

[Event "Match"]
[Site "www.echecsemail.com"]
[Date "2017.10.24"]
[Round "1"]
[White "Apdash"]
[Black "Fangshuo"]
[WhiteElo "2180"]
[BlackElo "2050"]
[Result "1-0"]
[Round "1"]
1.e4 e6
2.Ng1f3 d5
3.exd5 exd5
4.d4 Ng8f6
5.Bf1e2 Bf8e7
6.O-O O-O
7.c4 c6
8.Nb1c3 Nb8d7
9.Qd1b3 Nf6g4
10.cxd5 cxd5
11.Qb3xd5 Nd7f6
12.Qd5xd8 Rf8xd8
13.h3 Ng4h6
14.Bc1xh6 gxh6
15.Be2c4 b6
16.Nf3e5 Bc8e6
17.Bc4xe6 fxe6
18.Ne5c6 Rd8d7
19.Rf1e1 Rd7c7
20.Re1xe6 { resign }
1-0

[Event "Match"]
[Site "www.echecsemail.com"]
[Date "2017.10.24"]
[Round "1"]
[White "Apdash"]
[Black "Mdesouza"]
[WhiteElo "1920"]
[BlackElo "2250"]
[Result "0-1"]
[Round "1"]
1.d4 d5
2.c4 dxc4
3.Nb1c3 e5
4.d5 Ng8f6
5.Qd1a4 c6
6.dxc6 Nb8xc6
7.Qa4xc4 Bc8e6
8.Qc4b5 Qd8c7
9.e3 Bf8b4
10.Bc1d2 O-O
11.Ra1c1 a6
12.Qb5a4 b5
13.Qa4c2 Rf8d8
14.a3 Ra8c8
15.axb4 Nc6xb4
16.Qc2b1 Qc7d6
17.Ng1f3 Be6g4
18.Rc1d1 Bg4h5
19.Bf1e2 Bh5g6
20.e4 Nb4c6
21.Bd2e3 Qd6b8
22.O-O b4
23.Nc3a4 Bg6xe4
24.Rd1xd8 Nc6xd8
25.Qb1a1 Nf6d5
26.Be3g5 Nd8e6
27.Bg5h4 Nd5f4
28.Be2d1 Qb8b7
29.Rf1e1 Nf4d3
30.Re1f1 Rc8c1
31.Qa1a2 Nd3f4
32.Qa2b3 Ne6d4
33.Nf3xd4 Be4d3
34.Nd4f3 Bd3xf1
35.Kxf1 Qb7b5
36.Kg1 Qb5c4
37.Qb3xc4 Rc1xd1
{ resign }
0-1

[Event "1/16 Finale"]
[Site "www.chess-mail.com"]
[Date "2017.10.24"]
[Round "1"]
[White "Chessington"]
[Black "Danquigley"]
[WhiteElo "2620"]
[BlackElo "2550"]
[Result "1-0"]
[Round "1"]
1.Ng1f3 Ng8f6
2.g3 g6
3.Bf1g2 Bf8g7
4.O-O O-O
5.c4 c5
6.d4 cxd4
7.Qd1xd4 Nb8c6
8.Qd4h4 d6
9.Nb1c3 Bc8d7
10.Bc1h6 Ra8c8
11.Ra1c1 Nf6g4
12.Bh6xg7 Kxg7
13.Qh4g5 Qd8a5
14.Qg5d2 a6
15.b3 Ng4f6
16.Qd2b2 Kg8
17.a3 Qa5h5
18.Rf1d1 Bd7g4
19.b4 Rf8d8
20.h4 Bg4xf3
21.Bg2xf3 Qh5e5
22.Qb2d2 h5
23.Bf3g2 Nf6e8
24.Nc3d5 e6
25.Nd5b6 Rc8b8
26.Rc1c3 Qe5f6
27.Rc3b3 Qf6e7
28.a4 Kh7
29.a5 Nc6e5
30.e4 Qe7c7
31.Rb3c3 Qc7e7
32.f4 Ne5d7
33.Rc3d3 Nd7xb6
34.axb6 Rb8c8
35.Rd3d4 Rd8d7
36.e5 Rc8d8
37.Qd2d3 Kg8
38.Kh2 f5
39.Qd3d2 Kf8
40.Bg2f1 Kg8
41.c5 d5
42.Rd1c1 Rd8b8
43.b5 axb5
44.Bf1xb5 Rd7d8
45.Rd4b4 Rd8c8
46.c6 bxc6
47.Bb5xc6 Ne8g7
48.Qd2d4 Ng7e8
49.Rb4a4 { resign }
1-0

[Event "1/128 Finale"]
[Site "www.chess-mail.com"]
[Date "2017.10.24"]
[Round "1"]
[White "Vasylpuzanov"]
[Black "Szustan"]
[WhiteElo "1620"]
[BlackElo "2490"]
[Result "0-1"]
[Round "1"]
1.Nb1c3 e5
2.e4 Ng8f6
3.f4 exf4
4.Ng1f3 d5
5.exd5 Nf6xd5
6.Nc3xd5 Qd8xd5
7.d4 Bf8e7
8.Bc1xf4 { time. }
0-1

[Event "1/128 Finale"]
[Site "www.chess-mail.com"]
[Date "2017.10.24"]
[Round "1"]
[White "Malbertan"]
[Black "Vasylpuzanov"]
[WhiteElo "1930"]
[BlackElo "1620"]
[Result "1-0"]
[Round "1"]
1.e4 e5
2.f4 d5
3.exd5 exf4
4.Bf1b5 Bc8d7
5.Qd1e2 Qd8e7
6.Nb1c3 a6
7.Bb5xd7 Nb8xd7
8.Ng1f3 Ng8f6
9.d4 c6
{ time. }
1-0

[Event "Tourn. n9517"]
[Site "www.chess-mail.com"]
[Date "2017.10.25"]
[Round "1"]
[White "Norlavuaram"]
[Black "Malbertan"]
[WhiteElo "2070"]
[BlackElo "1920"]
[Result "1-0"]
[Round "1"]
1.e4 e5
2.Ng1f3 Nb8c6
3.Bf1b5 a6
4.Bb5a4 Ng8f6
5.O-O b5
6.Ba4b3 Bf8e7
7.Rf1e1 O-O
8.c3 d6
9.h3 Nc6a5
10.Bb3c2 c5
11.d4 Na5c6
12.Bc1e3 Qd8c7
13.d5 Nc6b8
14.Nb1d2 Nf6h5
15.Nf3xe5 Nh5f6
16.Ne5f3 Rf8e8
17.c4 b4
18.b3 Nf6d7
19.Be3f4 Be7f6
20.Ra1b1 Nd7e5
21.Bf4h2 Nb8d7
22.Nd2f1 Ne5xf3
23.Qd1xf3 Nd7e5
24.Qf3e2 Bc8d7
25.f4 Ne5g6
26.g4 a5
27.Qe2f3 Bf6d4
28.Kh1 Re8e7
29.Bh2g3 Ra8e8
30.Nf1e3 Ng6f8
31.Ne3g2 Bd7c8
32.Ng2e3 Nf8d7
33.Ne3f5 { resign }
1-0

[Event "Tourn. n9506"]
[Site "www.chess-mail.com"]
[Date "2017.10.25"]
[Round "1"]
[White "Samyaksamadh"]
[Black "Vios"]
[WhiteElo "1819"]
[BlackElo "2020"]
[Result "0-1"]
[Round "1"]
1.d4 Ng8f6
2.c4 e6
3.Nb1c3 Bf8b4
4.Qd1c2 O-O
5.a3 Bb4xc3
6.Qc2xc3 Nf6e4
7.Qc3c2 f5
8.Ng1h3 b6
9.f3 Ne4f6
10.e3 Bc8b7
11.Bf1d3 c5
12.Nh3f2 cxd4
13.exd4 Nb8c6
14.Qc2c3 d5
15.Bc1g5 h6
16.Bg5d2 dxc4
 { time }
0-1

[Event "Tourn. n9465"]
[Site "www.chess-mail.com"]
[Date "2017.10.25"]
[Round "1"]
[White "Samyaksamadh"]
[Black "Vios"]
[WhiteElo "1619"]
[BlackElo "1729"]
[Result "0-1"]
[Round "1"]
1.e4 c6
2.d4 d5
3.exd5 cxd5
4.Bf1d3 Nb8c6
5.c3 Ng8f6
6.Bc1f4 g6
7.Nb1d2 Bf8g7
8.Ng1f3 O-O
9.O-O Bc8g4
10.Qd1a4 e6
11.Nf3e5 Nc6xe5
12.Bf4xe5 Nf6d7
13.Be5xg7 Kxg7
14.Ra1e1 Qd8c7
15.f3 Bg4f5
16.Bd3xf5 gxf5
17.Qa4d1 Nd7f6
18.g4 Qc7f4
19.gxf5 Qf4xf5
20.Kh1 Kh8
21.Re1e5 Qf5h3
22.Rf1g1 Rf8g8
23.Re5g5 Rg8xg5
24.Rg1xg5 Ra8g8
25.Qd1g1 Qh3h6
26.f4 Rg8g6
27.Nd2f3 Nf6e4
28.Rg5xg6 hxg6
29.Nf3g5 Ne4d6
30.Qg1e3 Kg8
31.Qe3e5 Qh6f8
32.b3 b5
 { time }
0-1

[Event "Tourn. n9525"]
[Site "www.chess-mail.com"]
[Date "2017.10.25"]
[Round "1"]
[White "Prize64"]
[Black "Amaya"]
[WhiteElo "1820"]
[BlackElo "2070"]
[Result "0-1"]
[Round "1"]
1.e4 e6
2.f4 d5
3.e5 c5
4.c3 Nb8c6
5.Ng1f3 Bf8e7
6.d4 cxd4
7.cxd4 Be7b4
8.Nb1c3 Ng8e7
9.a3 Bb4a5
10.b4 Ba5b6
11.Nc3a4 a6
12.Na4xb6 Qd8xb6
13.Bc1b2 Ne7f5
14.Bf1d3 O-O
15.Bd3xf5 exf5
16.O-O Bc8e6
17.Kh1 Ra8c8
18.Qd1e1 h6
19.Qe1g3 Nc6e7
20.Ra1c1 a5
21.Bb2c3 Ne7g6
22.bxa5 Qb6a6
23.Bc3b4 Rc8c4
24.Bb4xf8 Kxf8
25.Nf3h4 Ng6e7
26.Rc1xc4 Qa6xc4
27.Qg3f2 Ne7c6
28.Nh4f3 Nc6xa5
29.Rf1b1 Qc4d3
30.Qf2b2 Be6d7
31.Qb2b4 Kg8
32.h3 Bd7c6
33.Rb1e1 Na5c4
34.a4 Nc4e3
35.a5 Ne3c2
36.Qb4b1 Nc2xe1
37.Qb1xe1 Bc6b5
38.e6 Qd3f1
39.Qe1xf1 Bb5xf1
40.Kg1 Bf1b5
41.exf7 Kxf7
42.Nf3e5 Ke6
43.Kf2 g5
44.g3 Bb5c4
45.Ne5xc4 dxc4
46.Ke3 Kd5
47.fxg5 hxg5
48.h4 gxh4
49.gxh4 f4
{ resign }
0-1

[Event "Tourn. n9535"]
[Site "www.chess-mail.com"]
[Date "2017.10.25"]
[Round "1"]
[White "Marbachess"]
[Black "Coolant"]
[WhiteElo "2530"]
[BlackElo "2320"]
[Result "1-0"]
[Round "1"]
1.f4 e5
2.fxe5 Nb8c6
3.Ng1f3 g5
4.g3 g4
5.Nf3h4 Nc6xe5
6.d4 Ne5c6
7.e4 d5
8.e5 Bf8e7
9.Nh4g2 h5
10.Ng2f4 Bc8f5
11.Bf1g2 Nc6b4
12.Nb1a3 c6
13.c3 Nb4a6
14.Na3c2 Qd8d7
15.O-O O-O-O
16.Nc2e3 Bf5e6
17.b4 Na6c7
18.a4 f6
19.b5 c5
20.c4 cxd4
21.Qd1xd4 fxe5
22.Qd4xa7 exf4
23.cxd5 f3
24.Ne3c4 Nc7xd5
25.Bc1f4 Nd5xf4
26.Nc4b6 Kc7
27.Ra1c1 Kd6
28.gxf4 Ng8f6
29.Rf1e1 Qd7e8
30.Qa7xb7 Rd8c8
31.Nb6xc8 { resign }
1-0

[Event "Tourn. n9518"]
[Site "www.chess-mail.com"]
[Date "2017.10.25"]
[Round "1"]
[White "Norlavuaram"]
[Black "Francesco"]
[WhiteElo "2070"]
[BlackElo "2130"]
[Result "1-0"]
[Round "1"]
1.e4 c6
2.d4 d5
3.Nb1d2 dxe4
4.Nd2xe4 Bc8f5
5.Ne4g3 Bf5g6
6.Ng1f3 e6
7.h4 h6
8.h5 Bg6h7
9.Bf1d3 Bh7xd3
10.Qd1xd3 Ng8f6
11.Bc1d2 Nb8d7
12.O-O-O Nf6g4
13.Qd3e2 Bf8d6
14.Ng3e4 Qd8c7
15.Ne4xd6 Qc7xd6
16.Bd2c3 Qd6d5
17.Rh1h4 Ng4f6
18.b3 O-O-O
19.Bc3b2 Nf6xh5
20.Nf3e5 Nd7xe5
21.Rh4xh5 Qd5xg2
22.Rh5xe5 g5
23.Re5e3 h5
24.Re3g3 Qg2d5
25.c4 Qd5f5
26.Rg3f3 Qf5g6
27.d5 g4
28.Rf3d3 Rh8e8
29.d6 Kb8
30.d7 Re8e7
31.Qe2e5 Ka8
32.Qe5c7 Qg6g8
33.Bb2f6 { resign }
1-0